[Event "FIDE Womens Grand Swiss 2021"]
[Site "Riga"]
[Date "2021.10.27"]
[Round "1.23"]
[White "Rogule, Laura"]
[Black "Osmak, Iulija"]
[Result "0-1"]
[WhiteElo "2289"]
[BlackElo "2423"]
[Annotator "NA"]
[PlyCount "122"]
[EventDate "2021.10.27"]
[EventType "swiss"]
[EventCountry "LAT"]
[Tiebreak "Cut1 Buchholz+Sonneborn-Berger (Swiss)"]
[SourceTitle "playchess.com"]
[Source "ChessBase"]
[SourceQuality "1"]
[TimeControl "40/6000+30:20/3000+30:900+30"]

1. c4 {[%emt 0:10:03]} e5 {[%emt 0:10:04]} 2. g3 {[%emt 0:00:27]} d6 {[%emt 0:
02:01]} 3. Bg2 {[%emt 0:00:50]} g6 {[%emt 0:00:33]} 4. d4 {[%emt 0:08:13]} Bg7
{[%emt 0:05:58]} 5. dxe5 {[%emt 0:03:53]} dxe5 {[%emt 0:00:10]} 6. Qxd8+ {
[%emt 0:02:01]} Kxd8 {[%emt 0:00:04]} 7. Nc3 {[%emt 0:12:12]} c6 {[%emt 0:02:
13]} 8. Bd2 {[%emt 0:09:39]} Be6 {[%emt 0:04:51]} 9. O-O-O {[%emt 0:18:36]} Nd7
{[%emt 0:10:25]} 10. b3 {[%emt 0:06:57]} Kc7 {[%emt 0:15:59]} 11. Ne4 {[%emt 0:
05:07]} h6 {[%emt 0:06:13]} 12. Ba5+ {[%emt 0:04:57]} b6 {[%emt 0:00:17]} 13.
Bb4 {[%emt 0:03:17]} Bf8 {[%emt 0:08:20]} 14. Bd6+ {[%emt 0:03:39]} Bxd6 {
[%emt 0:01:32]} 15. Rxd6 {[%emt 0:00:27]} Ne7 {[%emt 0:02:39]} 16. Rd2 {
[%emt 0:06:38]} f5 {[%emt 0:04:29]} 17. Nc3 {[%emt 0:00:31]} g5 {[%emt 0:08:16]
} 18. Nf3 {[%emt 0:02:50]} g4 {[%emt 0:02:44]} 19. Nh4 {[%emt 0:00:18]} Nf6 {
[%emt 0:04:33]} 20. e4 {[%emt 0:02:47]} Rad8 {[%emt 0:09:10]} 21. Rxd8 {
[%emt 0:01:40]} Rxd8 {[%emt 0:00:05]} 22. exf5 {[%emt 0:00:15]} Nxf5 {[%emt 0:
01:32]} 23. Ng6 {[%emt 0:00:26]} Nd7 {[%emt 0:01:55]} 24. Re1 {[%emt 0:00:55]}
Re8 {[%emt 0:00:24]} 25. Be4 {[%emt 0:02:55]} Nd4 {[%emt 0:01:13]} 26. Nh4 {
[%emt 0:02:01]} Rf8 {[%emt 0:01:01]} 27. Nd1 {[%emt 0:00:22]} Kd6 {[%emt 0:01:
30]} 28. Re3 {[%emt 0:01:12]} Nc5 {[%emt 0:01:32]} 29. Ng6 {[%emt 0:00:44]} Rf6
{[%emt 0:01:03]} 30. Bb1 {[%emt 0:00:41]} Nf3 {[%emt 0:01:24]} 31. Nc3 {
[%emt 0:00:37]} a5 {[%emt 0:01:48]} 32. Re2 {[%emt 0:00:36]} Bf7 {[%emt 0:01:
01]} 33. Nh4 {[%emt 0:00:28]} Nxh4 {[%emt 0:00:51]} 34. gxh4 {[%emt 0:00:02]}
Rf3 {[%emt 0:01:01]} 35. Nd1 {[%emt 0:00:16]} Rh3 {[%emt 0:00:27]} 36. Bf5 {
[%emt 0:01:15]} Be6 {[%emt 0:00:36]} 37. Ne3 {[%emt 0:00:30]} Rxe3 {[%emt 0:00:
30]} 38. Rd2+ {[%emt 0:00:22]} Ke7 {[%emt 0:00:15]} 39. fxe3 {[%emt 0:00:22]}
Bxf5 {[%emt 0:00:04]} 40. Kb2 {[%emt 0:00:10]} Ne4 {[%emt 0:00:40]} 41. Rd1 {
[%emt 0:50:25]} Be6 {[%emt 0:51:00]} 42. Kc2 {[%emt 0:00:57]} Nd6 {[%emt 0:00:
34]} 43. Kd3 {[%emt 0:00:56]} Bf5+ {[%emt 0:00:27]} 44. Kc3 {[%emt 0:00:00]}
Be4 {[%emt 0:00:00]} 45. b4 {[%emt 0:00:00]} axb4+ {[%emt 0:00:00]} 46. Kxb4 {
[%emt 0:00:00]} c5+ {[%emt 0:00:00]} 47. Kc3 {[%emt 0:00:00]} Kd7 {[%emt 0:00:
00]} 48. h5 {[%emt 0:00:00]} Bf3 {[%emt 0:00:00]} 49. Ra1 {[%emt 0:00:00]} Be2
{[%emt 0:00:00]} 50. a4 {[%emt 0:00:00]} Bxc4 {[%emt 0:00:00]} 51. a5 {[%emt 0:
00:00]} bxa5 {[%emt 0:00:00]} 52. Rxa5 {[%emt 0:00:00]} Bf7 {[%emt 0:00:00]}
53. Ra8 {[%emt 0:00:00]} Bxh5 {[%emt 0:00:00]} 54. Rh8 {[%emt 0:00:00]} Nf7 {
[%emt 0:00:00]} 55. Rg8 {[%emt 0:00:00]} Kd6 {[%emt 0:00:00]} 56. e4 {[%emt 0:
00:00]} Ng5 {[%emt 0:00:00]} 57. Rh8 {[%emt 0:03:26]} Nxe4+ {[%emt 0:00:00]}
58. Kd3 {[%emt 0:00:26]} Kd5 {[%emt 0:00:00]} 59. Rxh6 {[%emt 0:00:20]} Bf7 {
[%emt 0:00:00]} 60. Ke3 {[%emt 0:01:11]} Be6 {[%emt 0:00:13]} 61. Rh4 {[%emt 0:
16:59]} Nd6 {[%emt 0:15:16]} 0-1

[Event "FIDE Womens Grand Swiss 2021"]
[Site "Riga"]
[Date "2021.10.27"]
[Round "1.24"]
[White "Atalik, Ekaterina"]
[Black "Golsta, Madara"]
[Result "1-0"]
[WhiteElo "2420"]
[BlackElo "2003"]
[Annotator "NA RC"]
[PlyCount "55"]
[EventDate "2021.10.27"]
[EventType "swiss"]
[EventCountry "LAT"]
[Tiebreak "Cut1 Buchholz+Sonneborn-Berger (Swiss)"]
[SourceTitle "playchess.com"]
[Source "ChessBase"]
[SourceQuality "1"]
[TimeControl "40/6000+30:20/3000+30:900+30"]

1. d4 {[%emt 0:10:06]} Nf6 {[%emt 0:10:12]} 2. Nf3 {[%emt 0:00:23]} g6 {
[%emt 0:00:18]} 3. g3 {[%emt 0:00:28]} Bg7 {[%emt 0:00:19]} 4. Bg2 {[%emt 0:00:
05]} O-O {[%emt 0:00:41]} 5. O-O {[%emt 0:00:12]} c5 {[%emt 0:00:31]} 6. dxc5 {
[%emt 0:00:57]} Qa5 {[%emt 0:04:05]} 7. Be3 {[%emt 0:03:34]} Ng4 {[%emt 0:06:
37]} 8. Bd4 {[%emt 0:03:16]} e5 {[%emt 0:03:19]} 9. Bc3 {[%emt 0:00:28]} Qxc5 {
[%emt 0:01:22]} 10. h3 {[%emt 0:05:37]} Nh6 {[%emt 0:03:03]} 11. Nbd2 {[%emt 0:
02:23]} Nc6 {[%emt 0:13:53]} 12. Ne4 {[%emt 0:03:11]} Qb6 {[%emt 0:05:22]} 13.
Nd6 {[%emt 0:08:32]} Nd4 {[%emt 0:05:44]} 14. Nxc8 {[%emt 0:09:15]} Raxc8 {
[%emt 0:00:38]} 15. e3 {[%emt 0:03:46]} Nxf3+ {[%emt 0:05:30]} 16. Qxf3 {
[%emt 0:01:01]} Rc7 {[%emt 0:09:29]} 17. Qd5 {[%emt 0:04:49]} Qe6 {[%emt 0:02:
13]} 18. Rfd1 {[%emt 0:07:45]} Nf5 {[%emt 0:02:18]} 19. Rd2 {[%emt 0:03:44]}
Ne7 {[%emt 0:03:32]} 20. Qb3 {[%emt 0:04:43]} d5 {[%emt 0:07:40]} 21. Rad1 {
[%emt 0:06:32]} h5 {[%emt 0:06:54]} 22. h4 {[%emt 0:04:56]} e4 {[%emt 0:01:26]}
23. Bb4 {[%emt 0:01:26]} Rfc8 {[%emt 0:06:00]} 24. c3 {[%emt 0:10:24]} Bf6 {
[%emt 0:06:18]} 25. Bxe7 {[%emt 0:00:58]} Qxe7 {[%emt 0:00:27]} 26. Rxd5 {
[%emt 0:00:48]} g5 {[%emt 0:02:21]} 27. hxg5 {[%emt 0:01:41]} Bxg5 {[%emt 0:00:
06]} 28. R1d4 {[%emt 0:03:05]} 1-0

[Event "FIDE Womens Grand Swiss 2021"]
[Site "Riga"]
[Date "2021.10.27"]
[Round "1.25"]
[White "February, Jesse Nikki"]
[Black "Vaishali R"]
[Result "0-1"]
[WhiteElo "1857"]
[BlackElo "2419"]
[Annotator "TA"]
[PlyCount "40"]
[EventDate "2021.10.27"]
[EventType "swiss"]
[EventCountry "LAT"]
[Tiebreak "Cut1 Buchholz+Sonneborn-Berger (Swiss)"]
[SourceTitle "playchess.com"]
[Source "ChessBase"]
[SourceQuality "1"]

{[%evp 17,40,0,-3,-37,-40,-37,-37,-32,-32,-48,-39,-85,-98,-90,-96,-152,-142,
-606,-598,-814,-664,-868,-843,-828,-811]} 1. e4 c5 2. Nf3 Nc6 3. Nc3 e6 4. d4
cxd4 5. Nxd4 Nf6 6. Nxc6 bxc6 7. e5 Nd5 8. Nxd5 cxd5 9. Bd3 d6 10. Bb5+ {
B45: Sicilian Four Knights.} (10. Bf4 {looks sharper.} Be7 11. O-O O-O 12. Re1
dxe5 13. Bxe5 g6 14. Qg4) 10... Bd7 11. Bxd7+ Qxd7 12. Qe2 {[#] Black is
slightly better.} Rc8 $146 ({Predecessor:} 12... dxe5 13. Qxe5 Rc8 14. c3 Qd6
15. Qd4 Qc5 16. Qe5 Qc7 17. Qd4 f6 18. O-O Bd6 {1/2-1/2 (60) Haraldsen,D (1410)
-Hansen,H (1596) Faroe Islands 2012}) 13. c3 Rc4 14. f3 Qc7 15. exd6 Bxd6 16.
Be3 (16. g3 $142) 16... Bxh2 $17 17. Bxa7 $2 {[%mdl 8192] [#]} (17. g4 $17 Be5
18. Kf1) 17... Qxa7 $19 {Black is clearly winning.} 18. b3 Rc6 19. Qb5 Bg3+ 20.
Kd1 Kd7 {White did not feel at home in the position after the opening. 
Weighted Error Value: White=0.96/Black=0.16} 0-1

[Event "FIDE Womens Grand Swiss 2021"]
[Site "Riga"]
[Date "2021.10.28"]
[Round "2.1"]
[White "Osmak, Iulija"]
[Black "Dzagnidze, Nana"]
[Result "0-1"]
[WhiteElo "2423"]
[BlackElo "2524"]
[Annotator "ChessBase"]
[PlyCount "94"]
[EventDate "2021.10.27"]
[EventType "swiss"]
[EventCountry "LAT"]
[Tiebreak "Cut1 Buchholz+Sonneborn-Berger (Swiss)"]
[SourceTitle "playchess.com"]
[Source "ChessBase"]
[SourceQuality "1"]
[TimeControl "40/6000+30:20/3000+30:900+30"]

1. c4 {[%emt 0:10:03]} e6 {[%emt 0:10:31]} 2. Nf3 {[%emt 0:01:11]} d5 {[%emt 0:
01:14]} 3. g3 {[%emt 0:00:18]} Nf6 {[%emt 0:00:15]} 4. Bg2 {[%emt 0:00:06]}
dxc4 {[%emt 0:05:22]} 5. Qa4+ {[%emt 0:03:23]} Nbd7 {[%emt 0:03:09]} 6. Qxc4 {
[%emt 0:00:21]} c5 {[%emt 0:00:10]} 7. O-O {[%emt 0:05:40]} Be7 {[%emt 0:02:23]
} 8. Qc2 {[%emt 0:11:15]} Nb6 {[%emt 0:15:35]} 9. Rd1 {[%emt 0:11:45]} Bd7 {
[%emt 0:03:04]} 10. Ne5 {[%emt 0:01:15]} Nbd5 {[%emt 0:02:41]} 11. Nc3 {
[%emt 0:09:12]} Rc8 {[%emt 0:04:28]} 12. b3 {[%emt 0:01:51]} Nb4 {[%emt 0:06:
58]} 13. Qb1 {[%emt 0:00:41]} Nc6 {[%emt 0:01:11]} 14. Nxd7 {[%emt 0:00:33]}
Qxd7 {[%emt 0:00:05]} 15. Bb2 {[%emt 0:01:57]} O-O {[%emt 0:00:11]} 16. d3 {
[%emt 0:08:10]} Rfd8 {[%emt 0:07:06]} 17. Qc2 {[%emt 0:00:22]} Ne8 {[%emt 0:02:
54]} 18. Rac1 {[%emt 0:05:35]} f5 {[%emt 0:02:16]} 19. Qb1 {[%emt 0:06:47]} Bf6
{[%emt 0:06:11]} 20. e3 {[%emt 0:01:12]} b6 {[%emt 0:03:46]} 21. a3 {[%emt 0:
05:17]} Nd6 {[%emt 0:01:59]} 22. Ba1 {[%emt 0:01:22]} Nf7 {[%emt 0:03:26]} 23.
b4 {[%emt 0:02:46]} Nce5 {[%emt 0:09:47]} 24. bxc5 {[%emt 0:07:28]} bxc5 {
[%emt 0:00:03]} 25. d4 {[%emt 0:00:39]} cxd4 {[%emt 0:00:03]} 26. Rxd4 {
[%emt 0:00:07]} Qe7 {[%emt 0:00:04]} 27. Rxd8+ {[%emt 0:00:23]} Rxd8 {[%emt 0:
00:07]} 28. Qb3 {[%emt 0:01:54]} Ng5 {[%emt 0:03:07]} 29. Qb4 {[%emt 0:10:20]}
Qd7 {[%emt 0:11:04]} 30. Qa4 {[%emt 0:02:35]} Ngf3+ {[%emt 0:00:50]} 31. Kh1
Nd3 {[%emt 0:01:35]} 32. Rc2 {[%emt 0:01:01]} Nfe1 {[%emt 0:02:11]} 33. Qxd7 {
[%emt 0:00:07]} Rxd7 {[%emt 0:00:02]} 34. Ra2 {[%emt 0:01:21]} Rc7 {[%emt 0:00:
33]} 35. Ne2 {[%emt 0:00:25]} Nxf2+ {[%emt 0:02:20]} 36. Kg1 {[%emt 0:00:01]}
Ng4 {[%emt 0:00:19]} 37. Bxf6 {[%emt 0:00:21]} gxf6 {[%emt 0:00:07]} 38. Nf4 {
[%emt 0:01:14]} Rc1 {[%emt 0:00:14]} 39. Bf1 {[%emt 0:00:30]} Nxe3 {[%emt 0:01:
33]} 40. Kf2 {[%emt 0:00:29]} Nxf1 {[%emt 0:00:59]} 41. Kxf1 {[%emt 0:22:23]}
Nd3+ {[%emt 0:21:28]} 42. Ke2 {[%emt 0:00:11]} Nxf4+ {[%emt 0:00:10]} 43. gxf4
{[%emt 0:00:02]} Rc4 {[%emt 0:00:26]} 44. Rb2 {[%emt 0:03:03]} Rxf4 {[%emt 0:
00:25]} 45. Rb8+ {[%emt 0:00:20]} Kf7 {[%emt 0:00:05]} 46. Rb7+ {[%emt 0:00:02]
} Kg6 {[%emt 0:00:05]} 47. Rxa7 {[%emt 0:00:01]} Rh4 {[%emt 0:00:06]} 0-1

[Event "FIDE Womens Grand Swiss 2021"]
[Site "Riga"]
[Date "2021.10.28"]
[Round "2.2"]
[White "Kosteniuk, Alexandra"]
[Black "Javakhishvili, Lela"]
[Result "1/2-1/2"]
[WhiteElo "2518"]
[BlackElo "2446"]
[Annotator "TA"]
[PlyCount "44"]
[EventDate "2021.10.27"]
[EventType "swiss"]
[EventCountry "LAT"]
[Tiebreak "Cut1 Buchholz+Sonneborn-Berger (Swiss)"]
[SourceTitle "playchess.com"]
[Source "ChessBase"]
[SourceQuality "1"]

{[%evp 12,44,25,30,31,13,12,13,20,7,3,0,13,0,34,0,0,0,11,-22,10,0,0,0,0,-11,0,
-18,0,0,0,-11,0,0,0]} 1. e4 c5 2. Nf3 e6 3. c3 Nf6 4. e5 Nd5 5. d4 cxd4 6. cxd4
b6 7. Bc4 Ba6 {B22: Sicilian: 2 c3.} 8. Bxa6 Nxa6 9. Nc3 Nac7 {[#]} 10. Ng5
$146 ({Predecessor:} 10. Ne4 Be7 11. Bg5 f6 12. exf6 Nxf6 13. Bxf6 gxf6 14. Nc3
Bb4 15. Qb3 Qe7 16. O-O {1/2-1/2 (53) Tanrikulu,S (2131)-Secer,A (2287) Ankara
2007}) 10... f5 11. exf6 Nxf6 12. Qd3 Be7 13. h4 Qc8 {The position is equal.}
14. O-O O-O 15. Re1 Qb7 16. Bd2 Rac8 17. Rac1 Ncd5 18. a4 Nb4 19. Qb1 Nbd5 20.
Qd3 Nb4 21. Qb1 Nbd5 22. Qd3 Nb4 {Not much happened in this game.  Weighted
Error Value: White=0.09/Black=0.07} 1/2-1/2

[Event "FIDE Womens Grand Swiss 2021"]
[Site "Riga"]
[Date "2021.10.28"]
[Round "2.3"]
[White "Shuvalova, Polina"]
[Black "Badelka, Olga"]
[Result "1/2-1/2"]
[WhiteElo "2509"]
[BlackElo "2438"]
[Annotator "TA"]
[PlyCount "60"]
[EventDate "2021.10.27"]
[EventType "swiss"]
[EventCountry "LAT"]
[Tiebreak "Cut1 Buchholz+Sonneborn-Berger (Swiss)"]
[SourceTitle "playchess.com"]
[Source "ChessBase"]
[SourceQuality "1"]

{[%evp 14,60,2,0,16,22,20,0,0,0,0,15,29,28,32,15,18,14,14,0,11,0,0,2,8,0,0,0,0,
0,0,0,0,0,0,0,0,0,0,0,0,0,0,0,0,0,0,0,0]} 1. e4 e5 2. Nf3 Nc6 3. Bb5 Nf6 4. O-O
Nxe4 5. d4 Nd6 6. dxe5 Nxb5 7. a4 d6 8. e6 Bxe6 {C67: Ruy Lopez: Berlin
Defence: 4 0-0 Nxe4.} 9. axb5 Ne5 10. Nd4 Be7 11. f4 Nc4 12. Nc3 {[#]} O-O $146
({Predecessor:} 12... d5 13. b3 Nb6 14. f5 Bd7 15. f6 Bxf6 16. Ba3 Be6 17. Nce2
Qd7 18. Nf4 Kd8 {1/2-1/2 (47) Ivanauskas,R (2351)-Conde Poderoso,A (2371) ICCF
email 2018}) 13. Nxe6 fxe6 14. Qe2 {[%mdl 64] [#] Double Attack} Nb6 {The
position is equal.} 15. Qxe6+ Kh8 16. Be3 Bf6 17. Bf2 Qe8 18. Qxe8 Rfxe8 19.
Ra2 (19. Rfe1 {keeps more tension.} Rxe1+ 20. Bxe1 Kg8 21. Kf2 Nc4 22. Nd5)
19... Bxc3 20. bxc3 a5 21. bxa6 Rxa6 22. Rxa6 bxa6 23. Bxb6 cxb6 $11 {[%mdl
4096] Endgame KR-KR} 24. Rd1 Re6 25. c4 h6 26. Rb1 Re4 27. Rxb6 Rxf4 28. Rxa6
Rxc4 29. Rxd6 Rxc2 30. h3 Kh7 {An uneventful encounter.  Weighted Error Value:
White=0.02/Black=0.02} 1/2-1/2

[Event "FIDE Womens Grand Swiss 2021"]
[Site "Riga"]
[Date "2021.10.28"]
[Round "2.4"]
[White "Lei, Tingjie"]
[Black "Atalik, Ekaterina"]
[Result "1-0"]
[WhiteElo "2505"]
[BlackElo "2420"]
[Annotator "ChessBase"]
[PlyCount "113"]
[EventDate "2021.10.27"]
[EventType "swiss"]
[EventCountry "LAT"]
[Tiebreak "Cut1 Buchholz+Sonneborn-Berger (Swiss)"]
[SourceTitle "playchess.com"]
[Source "ChessBase"]
[SourceQuality "1"]
[TimeControl "40/6000+30:20/3000+30:900+30"]

1. d4 {[%emt 0:10:06]} Nf6 {[%emt 0:10:22]} 2. c4 {[%emt 0:00:29]} e6 {[%emt 0:
00:16]} 3. g3 {[%emt 0:00:31]} c5 {[%emt 0:00:24]} 4. d5 {[%emt 0:00:32]} exd5
5. cxd5 {[%emt 0:00:08]} g6 {[%emt 0:00:38]} 6. Nc3 {[%emt 0:00:13]} Bg7 {
[%emt 0:00:46]} 7. Bg2 {[%emt 0:00:39]} O-O {[%emt 0:00:27]} 8. Nf3 {[%emt 0:
00:14]} d6 {[%emt 0:00:30]} 9. O-O {[%emt 0:00:05]} Re8 {[%emt 0:00:19]} 10.
Bf4 {[%emt 0:00:57]} Ne4 {[%emt 0:01:19]} 11. Nxe4 {[%emt 0:00:20]} Rxe4 {
[%emt 0:00:05]} 12. Nd2 {[%emt 0:00:35]} Rb4 {[%emt 0:01:02]} 13. a3 {[%emt 0:
03:51]} Rxf4 {[%emt 0:01:19]} 14. gxf4 {[%emt 0:00:04]} Bxb2 {[%emt 0:00:14]}
15. Rb1 {[%emt 0:09:53]} Bg7 {[%emt 0:00:38]} 16. Re1 {[%emt 0:01:02]} Bh6 {
[%emt 0:02:05]} 17. e3 {[%emt 0:07:09]} Na6 {[%emt 0:02:35]} 18. Qf3 {[%emt 0:
08:36]} b6 {[%emt 0:09:14]} 19. Nc4 {[%emt 0:26:40]} Nc7 {[%emt 0:15:51]} 20.
e4 {[%emt 0:03:17]} Ne8 {[%emt 0:11:51]} 21. e5 {[%emt 0:15:57]} Bf5 {[%emt 0:
00:35]} 22. Rbd1 {[%emt 0:03:35]} Qh4 {[%emt 0:10:02]} 23. Ne3 {[%emt 0:00:29]}
Bxf4 {[%emt 0:25:59]} 24. Nxf5 {[%emt 0:00:27]} gxf5 {[%emt 0:00:15]} 25. e6 {
[%emt 0:01:36]} Bxh2+ {[%emt 0:06:23]} 26. Kf1 {[%emt 0:00:04]} Ng7 {[%emt 0:
00:36]} 27. Re2 {[%emt 0:03:34]} f6 {[%emt 0:01:41]} 28. Qb3 {[%emt 0:02:44]}
Be5 {[%emt 0:03:37]} 29. Qb5 {[%emt 0:01:07]} Qh5 {[%emt 0:02:56]} 30. Qc6 {
[%emt 0:05:45]} Re8 {[%emt 0:00:44]} 31. Qc7 {[%emt 0:01:46]} f4 {[%emt 0:01:
06]} 32. Rd3 {[%emt 0:00:08]} Qg6 {[%emt 0:00:44]} 33. Be4 {[%emt 0:02:08]} f5
{[%emt 0:00:19]} 34. Bg2 {[%emt 0:01:11]} Qf6 {[%emt 0:01:17]} 35. Qxa7 {
[%emt 0:00:30]} c4 {[%emt 0:00:23]} 36. Rd1 {[%emt 0:00:40]} c3 {[%emt 0:00:20]
} 37. Qxb6 {[%emt 0:00:14]} Qg6 {[%emt 0:01:09]} 38. Qb5 {[%emt 0:01:06]} Kh8 {
[%emt 0:00:36]} 39. Qd3 {[%emt 0:00:52]} Rg8 {[%emt 0:00:15]} 40. Qf3 {[%emt 0:
00:43]} Nh5 {[%emt 0:00:24]} 41. Rc2 {[%emt 0:43:11]} Nf6 {[%emt 0:22:22]} 42.
Re1 {[%emt 0:00:05]} Ng4 {[%emt 0:18:23]} 43. Qh3 {[%emt 0:02:01]} Qg7 {
[%emt 0:08:35]} 44. Bf3 {[%emt 0:04:15]} Ne3+ {[%emt 0:03:17]} 45. fxe3 {
[%emt 0:00:10]} Qg1+ {[%emt 0:00:14]} 46. Ke2 {[%emt 0:00:04]} Qxe3+ {[%emt 0:
00:10]} 47. Kd1 {[%emt 0:00:05]} Qd3+ {[%emt 0:00:30]} 48. Kc1 {[%emt 0:00:06]}
Bd4 {[%emt 0:00:33]} 49. Bg2 {[%emt 0:04:23]} Rg3 {[%emt 0:00:45]} 50. Qh6 {
[%emt 0:00:39]} Be3+ {[%emt 0:00:41]} 51. Kb1 {[%emt 0:00:26]} Rxg2 {[%emt 0:
00:41]} 52. Qf8+ {[%emt 0:00:22]} Rg8 {[%emt 0:00:05]} 53. Qf6+ {[%emt 0:00:31]
} Rg7 {[%emt 0:00:04]} 54. e7 {[%emt 0:00:43]} Qb5+ {[%emt 0:00:19]} 55. Ka1 {
[%emt 0:00:08]} Qe8 {[%emt 0:00:53]} 56. Rxc3 {[%emt 0:00:45]} Bd2 {[%emt 0:00:
40]} 57. Rc8 {[%emt 0:00:13]} 1-0

[Event "FIDE Womens Grand Swiss 2021"]
[Site "Riga"]
[Date "2021.10.28"]
[Round "2.5"]
[White "Vaishali R"]
[Black "Batsiashvili, Nino"]
[Result "0-1"]
[WhiteElo "2419"]
[BlackElo "2484"]
[Annotator "ChessBase"]
[PlyCount "88"]
[EventDate "2021.10.27"]
[EventType "swiss"]
[EventCountry "LAT"]
[Tiebreak "Cut1 Buchholz+Sonneborn-Berger (Swiss)"]
[SourceTitle "playchess.com"]
[Source "ChessBase"]
[SourceQuality "1"]
[TimeControl "40/6000+30:20/3000+30:900+30"]

1. e4 {[%emt 0:10:36]} c6 {[%emt 0:10:03]} 2. d4 {[%emt 0:00:07]} d5 {[%emt 0:
00:03]} 3. e5 {[%emt 0:00:08]} c5 {[%emt 0:00:04]} 4. Nf3 {[%emt 0:00:14]} cxd4
{[%emt 0:00:07]} 5. Qxd4 {[%emt 0:00:29]} Nc6 {[%emt 0:01:21]} 6. Qf4 {[%emt 0:
00:18]} e6 {[%emt 0:01:45]} 7. Nc3 {[%emt 0:00:52]} a6 {[%emt 0:05:16]} 8. Bd3
{[%emt 0:00:59]} Qc7 {[%emt 0:01:09]} 9. Qg3 {[%emt 0:07:19]} Nge7 {[%emt 0:05:
23]} 10. O-O {[%emt 0:04:10]} Ng6 {[%emt 0:02:21]} 11. Re1 {[%emt 0:04:12]} Bd7
{[%emt 0:03:51]} 12. h4 {[%emt 0:13:01]} Nb4 {[%emt 0:40:11]} 13. Bg5 {[%emt 0:
17:28]} h6 {[%emt 0:04:44]} 14. h5 {[%emt 0:03:22]} Ne7 {[%emt 0:07:30]} 15.
Bxe7 {[%emt 0:03:15]} Bxe7 {[%emt 0:00:08]} 16. Qxg7 {[%emt 0:00:48]} Rf8 {
[%emt 0:04:49]} 17. Ne2 {[%emt 0:08:30]} O-O-O {[%emt 0:00:22]} 18. Ned4 {
[%emt 0:00:57]} Qb6 {[%emt 0:01:13]} 19. Bf1 {[%emt 0:07:24]} Nc6 {[%emt 0:01:
25]} 20. c3 {[%emt 0:06:02]} Qxb2 {[%emt 0:07:28]} 21. Rab1 {[%emt 0:02:34]}
Qa3 {[%emt 0:00:18]} 22. Rb3 {[%emt 0:01:47]} Qc5 {[%emt 0:00:21]} 23. Reb1 {
[%emt 0:00:52]} Na5 {[%emt 0:01:29]} 24. R3b2 {[%emt 0:15:27]} Ba4 {[%emt 0:01:
38]} 25. Qxh6 {[%emt 0:00:45]} Rh8 {[%emt 0:00:31]} 26. Qf4 {[%emt 0:00:26]}
Rxh5 {[%emt 0:01:04]} 27. g4 {[%emt 0:01:08]} Rh7 {[%emt 0:02:50]} 28. Nf5 {
[%emt 0:00:47]} b5 {[%emt 0:01:59]} 29. Nxe7+ {[%emt 0:00:28]} Qxe7 {[%emt 0:
00:01]} 30. Rc1 {[%emt 0:00:33]} Rdh8 {[%emt 0:01:56]} 31. Bg2 {[%emt 0:00:22]}
Rg8 {[%emt 0:00:42]} 32. Rb4 {[%emt 0:00:18]} Rhg7 {[%emt 0:00:57]} 33. g5 {
[%emt 0:00:49]} Nc4 {[%emt 0:01:02]} 34. Rxa4 {[%emt 0:00:29]} bxa4 {[%emt 0:
00:02]} 35. Rb1 {[%emt 0:00:30]} Rxg5 {[%emt 0:00:35]} 36. Nxg5 {[%emt 0:00:08]
} Qxg5 {[%emt 0:00:02]} 37. Qxg5 {[%emt 0:00:52]} Rxg5 {[%emt 0:00:02]} 38. Rb4
{[%emt 0:00:30]} a3 {[%emt 0:00:40]} 39. f4 {[%emt 0:00:32]} Rg3 {[%emt 0:01:
28]} 40. Ra4 {[%emt 0:00:30]} a5 {[%emt 0:00:37]} 41. Kf2 {[%emt 0:50:24]} Rxc3
{[%emt 0:50:08]} 42. Bf1 {[%emt 0:00:05]} Kc7 {[%emt 0:03:10]} 43. f5 {[%emt 0:
00:00]} Kb6 {[%emt 0:00:00]} 44. fxe6 {[%emt 0:00:00]} fxe6 {[%emt 0:00:00]}
0-1

[Event "FIDE Womens Grand Swiss 2021"]
[Site "Riga"]
[Date "2021.10.28"]
[Round "2.6"]
[White "Garifullina, Leya"]
[Black "Paehtz, Elisabeth"]
[Result "0-1"]
[WhiteElo "2409"]
[BlackElo "2475"]
[Annotator "ChessBase"]
[PlyCount "100"]
[EventDate "2021.10.27"]
[EventType "swiss"]
[EventCountry "LAT"]
[Tiebreak "Cut1 Buchholz+Sonneborn-Berger (Swiss)"]
[SourceTitle "playchess.com"]
[Source "ChessBase"]
[SourceQuality "1"]
[TimeControl "40/6000+30:20/3000+30:900+30"]

1. e4 {[%emt 0:10:04]} c5 {[%emt 0:10:02]} 2. Nf3 {[%emt 0:00:07]} Nc6 {
[%emt 0:00:04]} 3. Bb5 {[%emt 0:00:14]} e6 {[%emt 0:00:03]} 4. Bxc6 {[%emt 0:
04:03]} bxc6 {[%emt 0:00:05]} 5. b3 {[%emt 0:00:06]} d6 {[%emt 0:00:03]} 6. e5
{[%emt 0:01:59]} f6 {[%emt 0:00:03]} 7. exd6 {[%emt 0:00:07]} Bxd6 {[%emt 0:00:
04]} 8. Nc3 {[%emt 0:00:36]} e5 {[%emt 0:01:52]} 9. Ne4 {[%emt 0:00:34]} Ne7 {
[%emt 0:01:32]} 10. Ba3 {[%emt 0:04:48]} O-O {[%emt 0:03:13]} 11. Qe2 {[%emt 0:
03:59]} Nd5 {[%emt 0:15:34]} 12. Nxd6 {[%emt 0:10:14]} Qxd6 {[%emt 0:00:17]}
13. Qc4 {[%emt 0:00:22]} Qc7 {[%emt 0:14:39]} 14. Bxc5 {[%emt 0:02:12]} Re8 {
[%emt 0:00:04]} 15. d3 {[%emt 0:14:06]} Be6 {[%emt 0:03:37]} 16. Qh4 {[%emt 0:
02:43]} e4 {[%emt 0:21:12]} 17. Nd2 {[%emt 0:15:30]} Qa5 {[%emt 0:10:26]} 18.
b4 {[%emt 0:02:40]} Nxb4 {[%emt 0:00:05]} 19. Bxb4 {[%emt 0:00:03]} Qxb4 {
[%emt 0:00:04]} 20. Qf4 {[%emt 0:01:29]} Bf7 {[%emt 0:08:36]} 21. O-O {[%emt 0:
08:16]} g5 {[%emt 0:00:04]} 22. a3 {[%emt 0:00:05]} Qa5 {[%emt 0:03:12]} 23.
Qe3 {[%emt 0:00:19]} exd3 {[%emt 0:00:16]} 24. Qxd3 {[%emt 0:00:03]} Rad8 {
[%emt 0:01:26]} 25. Nb3 {[%emt 0:00:05]} Rxd3 {[%emt 0:00:14]} 26. Nxa5 {
[%emt 0:00:01]} Rc3 {[%emt 0:00:06]} 27. Rab1 {[%emt 0:01:52]} Re5 {[%emt 0:02:
00]} 28. Nb7 {[%emt 0:01:58]} Rd5 {[%emt 0:00:25]} 29. h3 {[%emt 0:02:33]} Rxc2
{[%emt 0:03:53]} 30. Rfc1 {[%emt 0:01:26]} Bg6 {[%emt 0:00:05]} 31. Rxc2 {
[%emt 0:06:47]} Bxc2 {[%emt 0:00:04]} 32. Rb2 {[%emt 0:00:05]} Bd3 {[%emt 0:02:
36]} 33. Rd2 {[%emt 0:02:55]} Kf7 {[%emt 0:04:00]} 34. f3 {[%emt 0:01:21]} Ke7
{[%emt 0:03:01]} 35. Kf2 {[%emt 0:00:07]} h5 {[%emt 0:04:12]} 36. Nc5 {[%emt 0:
01:11]} Rxc5 {[%emt 0:00:02]} 37. Rxd3 {[%emt 0:00:05]} Rc2+ {[%emt 0:00:57]}
38. Kg3 {[%emt 0:04:08]} h4+ {[%emt 0:00:03]} 39. Kg4 {[%emt 0:00:04]} Ke6 {
[%emt 0:01:09]} 40. Re3+ {[%emt 0:00:47]} Kf7 {[%emt 0:00:04]} 41. g3 {[%emt 0:
52:52]} Rc4+ {[%emt 0:50:56]} 42. f4 {[%emt 0:00:45]} hxg3 {[%emt 0:00:05]} 43.
Re2 {[%emt 0:00:17]} Rxf4+ {[%emt 0:00:00]} 44. Kxg3 {[%emt 0:00:00]} Rc4 {
[%emt 0:00:00]} 45. Re3 {[%emt 0:00:00]} a5 {[%emt 0:00:00]} 46. Kf3 {[%emt 0:
00:00]} Kg6 {[%emt 0:00:00]} 47. Kg3 {[%emt 0:00:00]} a4 {[%emt 0:00:00]} 48.
Kf3 {[%emt 0:00:00]} Kf5 {[%emt 0:00:00]} 49. Kg3 {[%emt 0:00:00]} c5 {[%emt 0:
00:00]} 50. Kf3 {[%emt 0:00:00]} Rd4 {[%emt 0:00:00]} 0-1